000
00324nam a22001457a 4500
008
210312b ||||| |||| 00| 0 eng d
020
_a
3805530382
041
_a
eng
080
_a
617
082
_a
617
100
_a
8
101
_a
OFT
245
_a
Modern Problems in Ophthalmology
_c
Norton, E. W. D
942
_2
udc
_c
BK
999
_c
56609
_d
56609